000 00269nam a2200109Ia 4500
008 220204s9999 xx 000 0 und d
082 _a33(540)
_bPUN
245 0 _aEconomic revolution in India
260 _aBombay
_bHimalaya
_c1977
700 _aPUNEKAR, S D
942 _cBK
999 _c24714
_d24714